[Event "Eastern Asia-ch U20"]
[Site "Batangas"]
[Date "2019.12.12"]
[Round "5"]
[White "Perez, Robert James"]
[Black "Bacojo, Mark Jay"]
[Result "0-1"]
[WhiteElo "1530"]
[BlackElo "1906"]
[PlyCount "58"]
[EventDate "2019.12.10"]
[EventType "swiss"]
[EventRounds "9"]
[EventCountry "PHI"]
[SourceTitle "CBM 193 Extra"]
[Source "ChessBase"]
[SourceDate "2020.01.31"]
[SourceVersion "1"]
[SourceVersionDate "2020.01.31"]
[SourceQuality "1"]

1. b3 Nf6 2. Bb2 e6 3. e3 Be7 4. Nf3 c5 5. Be2 b6 6. 0-0 Bb7 7. c4 0-0 8. d3 d5 9. Nbd2 Nc6 10. Re1 Qc7 11. a3 Rad8 12. Qc2 Rfe8 13. Rad1 e5 14. cxd5 Nxd5 15. Rc1 Qb8 16. Qb1 f5 17. h3 Bf6 18. Bf1 e4 19. dxe4 fxe4 20. Nxe4 Bxb2 21. Neg5 h6 22. Bc4 hxg5 23. Nxg5 Bf6 24. Qh7+ Kf8 25. Qh8+ Ke7 26. Qh5 Ne5 27. Nf7 Nxf7 28. e4 Kf8 29. exd5 Re5 0-1